| 000 | 00897nam a2200289Mi 4500 | ||
|---|---|---|---|
| 001 | 98709 | ||
| 005 | 20230411090057.0 | ||
| 008 | 110113s2010 fr 000 0 fre d | ||
| 035 | _a(OCoLC)ocn700185687 | ||
| 040 |
_aESUDE _bspa _cESUDE |
||
| 020 | _a9782251346045 | ||
| 020 | _a225134604X | ||
| 029 | 0 |
_aESUDE _b.b16092673 |
|
| 035 | _a(OCoLC)700185687 | ||
| 049 | _aGRAL | ||
| 100 | 1 | _aStroh, Wilfried. | |
| 245 | 1 | 3 |
_aLa puissance du discours : _bune petite histoire de la rhétorique dans la Gráece antique et a Rome / _cWilfried Stroh ; traduit de l'allemand par Sylvain Bluntz. |
| 260 |
_aParis : _bLes Belles Lettres, _c2010. |
||
| 300 |
_a514 p. ; _c23 cm. |
||
| 490 | 1 | _aLe miroir des humanistes | |
| 650 | 0 | 4 | _aRetâorica antigua. |
| 700 | 1 |
_aBluntz, Sylvain, _etrad. |
|
| 830 | 3 | _aLe miroir des humanistes. | |
| 942 |
_2lcc _cbk |
||
| 994 |
_aC0 _bDRFGD |
||
| 946 | _almm | ||
| 999 |
_c112069 _d112069 |
||